Quiz sur OSS 117 - Statistiques

Statistiques générales
  • Ce quiz a été pris 289 fois
  • Le résultat moyen est 11 sur 20
Statistiques - réponses
Indice Réponse % Correct
Indice Acteur incarnant Hubert Bonisseur de La Bath, alias OSS 117 Jean Dujardin
100%
Indice Chanson de Dalida joué par OSS 117 dans Le Caire, nid d’espions Bambino
81%
Indice Président français dans le film René Coty
77%
Complétez ces citations : J'aime me {beurrer} la biscote
71%
Complétez ces citations : Comment est votre {blanquette}
70%
Indice Nom de la collègue égyptienne d’OSS 117 dans Le Caire, nid d’espions Larmina
68%
Indice En quoi OSS 117 se déguise-t-il lors de la réception dans Rio ne réponds plus ? Robin des Bois
68%
Indice Nom de couverture de OSS 117 dans Rio ne réponds plus (Prénom ou nom) Nöel Flantier
63%
Complétez ces citations : "C'est la piquette {Jack} ! Tu sais pas jouer {Jack} ! T'es mauvais !"
62%
Indice Titre du 3e film sorti en 2021 Alerte rouge en Afrique noire
58%
Indice Réalisateur des deux premiers films Michel Hazanavicius
54%
Indice Service de renseignement avec lequel il travail dans ce film Mossad
52%
Complétez ces citations : Quand une femme change d’homme, elle change de {coiffure}
51%
Indice Acronyme de l'entreprise qui lui sert de couverture SCEP
51%
Complétez ces citations : Une dictature c'est quand les gens sont {communistes}, déjà
41%
Indice Réalisateur de ce film Nicolas Bedos
40%
Indice Prénom du supérieur d'OSS 117 Armand
32%
Indice Numéro de matricule OSS de Serge, le nouvel espion interprété par Pierre Niney 1001
28%
Indice Instrument avec lequel il joue cette musique Oud
20%
Indice Auteur français à l'origine du personnage d'OSS 117 Jean Bruce
11%
Aucun quiz correspondant
Distribution des résultats
% des personnes avec chaque résultat
Percentile par nombre de réponses
Votre historique - résultats
Vous n’avez pas pris ce quiz